Popularne polskie piosenki w tym tygodniu. 30.04-06.05 - Statystyki

Ogólne statystyki
  • Ten quiz został rozwiązany 7 razy
  • Średni wynik to 11 z 30
Statystyki odpowiedzi
Wykonawca Wyświetlenia Utwór % Poprawnych
Ekipa 3.38M 3KIPA
100%
Sobel 5.27M Fiołkowe Pole
86%
Sanah ft. Vito Bambino 2.44M Ale jazz!
71%
Mata 2.03M Patoreakcja
71%
Sanah 1.15M 2:00
57%
Ekipa 8.67M Chill
57%
Wiatr ft. Sobel, Be Vis 848K Testarossa
57%
Sobel 847K Alien
43%
Sobel 2.24M Bandyta
43%
Guzior ft. Oskar83 987K FALA
43%
Sobel 970K Kinol
43%
Sobel ft. Young Igi 1.64M Nie Teraz
43%
Ekipa ft. Qry 1.24M ZAEBYŚCIE
43%
Guzior 1.06M BLUEBERRY
29%
Alberto 674K Dwutakt
29%
Sanah 1.74M etc. (na disco)
29%
Sobel 1.05M Każdego Dnia
29%
Defis & MiłyPan 1.09M Musisz się starać
29%
Kizo ft. Wac Toja 2.41M Nasze Lato
29%
ReTo 689K Paw
29%
OIO 968K Przypadkiem
29%
OIO 1.21M Worki W Tłum
29%
Janusz Walczuk ft. Young Igi 804K Amsterdam
14%
Lipa ft. Kabe 806K Bezprawie
14%
Aymi 741K Nieważne
14%
Vivat 855K Oddam ci wszystko
14%
Dawid Kwiatkowski 673K Bez Ciebie
0%
Małach ft. Kukon 826K Obdrapany marmur
0%
Basgrow & C0PIK ft. Ruskij 739K Romantyk
0%
Marie 653K Zero Calorie Cookie
0%
Nie znaleziono quizów pasujących do podanych kryteriów
Rozkład punktacji
Procent ludzi z każdym wynikiem
Percentyl według liczby udzielonych odpowiedzi
Twoja historia wyników
Nie rozwiązałeś tego quizu